00000000nam 2200000zi 4500
0019.947347
003CaOODSP
00520250124132642
006m     o  d f      
007cr mn|||||||||
008250124s1946    onc     o    f000 0 eng d
040 |aCaOODSP|beng|erda|cCaOODSP
043 |an-cn---
0861 |aZ1-1946/3-1E-PDF
1101 |aCanada. |bRoyal Commission to Investigate the Facts Relating to and the Circumstances Surrounding the Communication by Public Officials and Other Persons in Positions of Trust of Secret and Confidential Information to Agents of a Foreign Power, |eauthor, |eissuing body.
24510|aDocuments relating to the proceedings of the Royal Commission established by Order in Council, P.C. 411 of February 5, 1946.
264 1|aOttawa : |bEdmond Cloutier, Printer to the King's Most Excellent Majesty, |c1946.
300 |a1 online resource (14 pages)
336 |atext|btxt|2rdacontent
337 |acomputer|bc|2rdamedia
338 |aonline resource|bcr|2rdacarrier
500 |aIssued also in French under title: Documents relatifs aux délibérations de la Commission royale établie par arrêté en conseil, C.P. 411 du 5 février 1946.
500 |aPage numbering begins with page 5.
500 |a"March 13th, 1946."
500 |a"Respectfully submitted, (sgd) Robert Taschereau, Royal Commissioner; (sgd) R.L. Kellock, Royal Commissioner"--Page 14.
500 |aDigitized edition from print [produced by Government of Canada Publications Directorate].
650 0|aEspionage, Soviet|zCanada.
650 0|aGouzenko Affair, Canada, 1945-1946.
650 0|aOfficial secrets|zCanada.
7001 |aTaschereau, Robert, |q1896-
7001 |aKellock, Roy Lindsay, |d1893-
77508|tDocuments relatifs aux délibérations de la Commission royale établie par arrêté en conseil, C.P. 411 du 5 février 1946. |w(CaOODSP)9.947349
85640|qPDF|s899 KB|uhttps://publications.gc.ca/collections/collection_2025/bcp-pco/Z1-1946-3-1-eng.pdf